Normal view
MARC view
- Atiq, Maria
Entry Personal Name
001 - CONTROL NUMBER
- control field: 122978
003 - CONTROL NUMBER IDENTIFIER
- control field: NUST
005 - DATE AND TIME OF LATEST TRANSACTION
- control field: 20240528124409.0
008 - FIXED-LENGTH DATA ELEMENTS
- fixed length control field: 240528|| aca||aabn | a|a d
040 ## - CATALOGING SOURCE
- Original cataloging agency: NUST
- Transcribing agency: NUST
100 ## - HEADING--PERSONAL NAME
- Personal name: Atiq, Maria
670 ## - SOURCE DATA FOUND
- Source citation: Work cat.: (NUST): Atiq, Maria, Temperature Control in Membrane-type Microheaters/
